[Event "Baden Open B (30th)"]
[Site "?"]
[Date "2002.04.28"]
[Round "5.10"]
[White "Musilek, Adalbert"]
[Black "Kopinits, Silvia"]
[Result "1-0"]
[WhiteElo "1683"]
[BlackElo "1641"]
[PlyCount "43"]
[EventDate "2002.??.??"]

1. d4 d5 2. c4 Bf5 3. Nf3 c6 4. cxd5 Bxb1 5. Rxb1 Qxd5 6. a3 Nf6 7. e3 e6 8.
Bd3 Be7 9. O-O Nbd7 10. Bd2 Ne4 11. Bxe4 Qxe4 12. Qb3 Nb6 13. Bb4 Bxb4 14. Qxb4
Qd5 15. Rbc1 Rd8 16. Ne5 Qb5 17. Qxb5 cxb5 18. Rc7 f6 19. Nf7 Nd5 20. Rxb7 Rf8
21. Nxd8 Kxd8 22. Rxa7 1-0

[Event "Baden Open B (30th)"]
[Site "?"]
[Date "2002.04.28"]
[Round "5.11"]
[White "Vezmar, Milan"]
[Black "Achleitner, Johannes"]
[Result "1-0"]
[WhiteElo "1810"]
[BlackElo "1429"]
[PlyCount "61"]
[EventDate "2002.??.??"]

1. e4 e5 2. Nf3 d6 3. b3 g6 4. Bb2 Bg7 5. Be2 h5 6. d3 Nc6 7. Nbd2 a6 8. a4 Bd7
9. O-O Bg4 10. c3 Qf6 11. b4 Nce7 12. c4 c6 13. d4 Nc8 14. dxe5 Qd8 15. Qc2
dxe5 16. h3 Qf6 17. Bxe5 Qe7 18. Bxg7 Rh7 19. Bc3 b6 20. Rae1 Nd6 21. Nd4 Rc8
22. e5 Nf5 23. hxg4 hxg4 24. Nxf5 gxf5 25. Qxf5 Qh4 26. Qxc8+ Ke7 27. f3 Qh2+
28. Kf2 Qh4+ 29. Ke3 Qg5+ 30. f4 Qg6 31. Qxg4 1-0

[Event "Baden Open B (30th)"]
[Site "?"]
[Date "2002.04.28"]
[Round "5.12"]
[White "Goeslbauer, Harald"]
[Black "Reichspfarrer, Ernst"]
[Result "0-1"]
[WhiteElo "1808"]
[BlackElo "1527"]
[PlyCount "82"]
[EventDate "2002.??.??"]

1. c4 Nf6 2. Nc3 d6 3. g3 g6 4. Bg2 Bg7 5. d4 O-O 6. e4 e5 7. d5 Nbd7 8. Nge2
Ng4 9. h3 Nh6 10. g4 f5 11. exf5 gxf5 12. Bxh6 Bxh6 13. gxf5 Rxf5 14. Be4 Rf7
15. Ng3 Qf8 16. Rg1 Kh8 17. Qc2 Nf6 18. Nf5 Bxf5 19. Bxf5 Rg7 20. Ke2 Qf7 21.
Be6 Qh5+ 22. f3 e4 23. Nxe4 Qe5 24. Rxg7 Bxg7 25. Rf1 Rf8 26. b3 Nxe4 27. Qxe4
Qxe4+ 28. fxe4 Rxf1 29. Kxf1 a5 30. Ke2 b6 31. Kf3 Be5 32. Kg4 Kg7 33. Kf5 h6
34. a3 Bb2 35. a4 Be5 36. Bg8 Kxg8 37. Ke6 Bd4 38. Kd7 Bc5 39. Kxc7 Kf8 40. Kd8
Kf7 41. Kd7 Kf6 0-1

[Event "Baden Open B (30th)"]
[Site "?"]
[Date "2002.04.28"]
[Round "5.13"]
[White "Koller, Johann"]
[Black "Reichmann, Ernst"]
[Result "0-1"]
[WhiteElo "1299"]
[BlackElo "1581"]
[PlyCount "74"]
[EventDate "2002.??.??"]

1. e4 e5 2. Nf3 Nc6 3. a3 Nf6 4. Nc3 d5 5. d3 dxe4 6. dxe4 Qxd1+ 7. Kxd1 Bg4 8.
Be2 O-O-O+ 9. Ke1 Bxf3 10. Bxf3 Nd4 11. Ra2 Nxc2+ 12. Ke2 Nd4+ 13. Ke3 Bc5 14.
b4 Bb6 15. Rd1 Nb5+ 16. Ke2 Nxc3+ 17. Ke1 Rxd1+ 18. Bxd1 Nxa2 19. Bg5 Nxe4 20.
Be3 Bxe3 21. fxe3 Nac3 22. Bc2 f5 23. Kf1 f4 24. Ke1 g5 25. exf4 exf4 26. Bxe4
Re8 27. Kd2 Nxe4+ 28. Kd3 g4 29. b5 b6 30. a4 Nc5+ 31. Kc4 f3 32. gxf3 gxf3 33.
Kd5 f2 34. a5 f1=Q 35. axb6 Qd3+ 36. Kxc5 axb6+ 37. Kb4 Re4# 0-1

[Event "Baden Open B (30th)"]
[Site "?"]
[Date "2002.04.28"]
[Round "5.16"]
[White "Bauer, Christoph"]
[Black "Hegedues, Zoltan"]
[Result "0-1"]
[WhiteElo "1435"]
[BlackElo "1429"]
[PlyCount "64"]
[EventDate "2002.??.??"]

1. e4 Nc6 2. d4 Nf6 3. Nc3 a6 4. Nf3 e6 5. Bg5 Be7 6. Bd3 h6 7. Bh4 d6 8. O-O
g5 9. Bg3 g4 10. e5 Nh5 11. exd6 cxd6 12. Nd2 Nxg3 13. fxg3 Qb6 14. Qxg4 Bd7
15. Ne2 O-O-O 16. Rab1 f5 17. Qf3 Ne5 18. Qf2 d5 19. Kh1 Nxd3 20. cxd3 Kb8 21.
Nf3 Bb5 22. Ne5 Rh7 23. Nc3 Be8 24. Qf4 Ka8 25. a3 Bg5 26. Qf2 h5 27. h4 Bf6
28. Qe3 Bg7 29. b4 Rc8 30. Rbc1 Bh6 31. Qf2 Bxc1 32. Rxc1 Rhc7 0-1